Star Wars Picture Chain - Sudden Death - Statistics

General Stats
  • This quiz has been taken 95,464 times
    87,319 since last reset
  • The average score is 9 of 18
Answers on the Grid
Answers color-coded by a green-red scale on the quiz's grid according to % correct below.




START
1. YODA
Train him on Dagobah I did…

18. CHEWBACCA
Rawrwawagrr!
4. OBI-WAN KENOBI
Noooooo! He killed my master...
13. REY SKYWALKER
We kissed, weirdly…


9. ANAKIN SKYWALKER
I built him when I was a child…

16. GREEDO
Tlok Jabba…

7. JAR JAR BINKS
Shesa be da Queenie of Naboo...
14. KYLO REN
He was my father…

6. QUI-GON JINN
He swam us to Gungan City…
12. PALPATINE
This is my grandchild, somehow…
2. LUKE SKYWALKER
We kissed, weirdly…


3. LEIA ORGANA
I told him he was my only hope…


10. C-3PO
I was blown apart at his Cloud City...
17. JABBA
Cheesah beecha wonky Chewbacca…
11. LANDO CALRISSIAN
I blew up his second Death Star…

15. HAN SOLO
I shot him first at the cantina…
8. PADME AMIDALA
He told me he hates sand…

5. DARTH MAUL
I killed him in a lightsaber duel…
 
Answer Stats
Answer % Correct




START
1. YODA
Train him on Dagobah I did…
98%
2. LUKE SKYWALKER
We kissed, weirdly…
69%
3. LEIA ORGANA
I told him he was my only hope…
68%
4. OBI-WAN KENOBI
Noooooo! He killed my master...
61%
9. ANAKIN SKYWALKER
I built him when I was a child…
57%
6. QUI-GON JINN
He swam us to Gungan City…
51%
5. DARTH MAUL
I killed him in a lightsaber duel…
49%
7. JAR JAR BINKS
Shesa be da Queenie of Naboo...
49%
8. PADME AMIDALA
He told me he hates sand…
49%
10. C-3PO
I was blown apart at his Cloud City...
47%
11. LANDO CALRISSIAN
I blew up his second Death Star…
44%
15. HAN SOLO
I shot him first at the cantina…
42%
18. CHEWBACCA
Rawrwawagrr!
42%
12. PALPATINE
This is my grandchild, somehow…
39%
13. REY SKYWALKER
We kissed, weirdly…
38%
17. JABBA
Cheesah beecha wonky Chewbacca…
37%
16. GREEDO
Tlok Jabba…
35%
14. KYLO REN
He was my father…
33%
No matching quizzes found
Score Distribution
Percent of People with Each Score
Percentile by Number Answered
Your Score History
You have not taken this quiz since the last reset